| 000 | 01750cam a22003734a 4500 | ||
|---|---|---|---|
| 001 | 17455728 | ||
| 005 | 20221011122351.0 | ||
| 008 | 120907s2013 enk b 001 0 eng | ||
| 010 | _a 2012027014 | ||
| 020 | _a9781857436365 (hardback) | ||
| 040 |
_aDLC _cDLC _dDLC |
||
| 042 | _apcc | ||
| 043 | _aa-cc--- | ||
| 050 | 0 | 0 |
_aJQ1510 _b.H364 2013 |
| 082 | 0 | 0 |
_a320.951 _bCHI |
| 084 |
_aPOL018000 _aPOL016000 _aPOL040020 _2bisacsh |
||
| 245 | 0 | 0 |
_aHandbook of China's governance and domestic politics / _ceditor, Chris Ogden. |
| 260 |
_aLondon ; _aNew York : _bRoutledge, _c2013. |
||
| 300 |
_axxi, 326 p. ; _c25 cm. |
||
| 490 | 0 | _aRoutledge international handbooks | |
| 504 | _aIncludes bibliographical references (p. 270-306) and index. | ||
| 520 |
_a"Provides an in-depth overview of how China is governed, how its domestic political system functions and the critical issues it faces in the coming decades. Discusses China's transition to a modern state and its rise within the international system"-- _cProvided by publisher. |
||
| 650 | 7 |
_aPOLITICAL SCIENCE / Reference. _2bisacsh _999864 |
|
| 650 | 7 |
_aPOLITICAL SCIENCE / Political Process / General. _2bisacsh _98165 |
|
| 650 | 7 |
_aPOLITICAL SCIENCE / Government / International. _2bisacsh _999865 |
|
| 651 | 0 |
_aChina _xPolitics and government. _999382 |
|
| 651 | 0 |
_aChina _xSocial policy. _914205 |
|
| 651 | 0 |
_aChina _xEconomic policy. _914189 |
|
| 700 | 1 |
_aOgden, Chris _q(Christopher) _999866 |
|
| 856 | 4 | 2 |
_3Cover image _uhttp://jacketsearch.tandf.co.uk/common/jackets/covers/websmall/978185743/9781857436365.jpg |
| 906 |
_a7 _bcbc _corignew _d1 _eecip _f20 _gy-gencatlg |
||
| 942 |
_2ddc _cBK |
||
| 999 |
_c591677 _d591677 |
||